00635nam a2200157 a 450000500170000000800410001702000180005805000230007610000180009924500560011726000320017330000090020552001840021465000520039865000270045020140412111428.0090226s19uu xx 00 eng d a0-439-30920-4 aTR(GS EbBe43 2001 aMurphy, Frank aBen Franklin and the magic squares /cFrank Murphy. aU.S.A :bScholastic,c2001. a48p. aShows how Benjamin Franklin, inventor, writer and scientist created a puzzle called the magic square to keep from being bored while serving as clerk for the Pennsylvania Assembly. aFranklin, Benjamin, 1706-1790xJuvenile fiction aNumber games-- fiction